| 000 | 00844nam a22002297a 4500 | ||
|---|---|---|---|
| 999 |
_c8594 _d8594 |
||
| 003 | AR-CdUCM | ||
| 008 | 190325b ||||| |||| 00| 0 spa d | ||
| 040 |
_aMUNICIPALIDAD PROVINCIAL DEL CUSCO _cBIBLIOTECA MUNICIPAL DEL CUSCO |
||
| 082 |
_a338.372063 / _bSI56 |
||
| 110 |
_aSimposio "El desarrollo de la Piscicultura en el Perú" (1973 : Lima, Perú) _924051 |
||
| 245 | _aSimposio "El desarrollo de la piscicultura en el Perú" / | ||
| 260 |
_aLima : _bPrograma Académico de Pesquería de la Universidad Nacional Agraria, _c1973. |
||
| 300 |
_a164 paginas ; _c20 cm. |
||
| 500 | _aCon la colaboracion de Ajinomoto del Perú | ||
| 650 |
_aPiscicultura _924052 |
||
| 650 |
_aPerú _935 |
||
| 650 |
_aCongresos _92448 |
||
| 650 |
_aEducación _9460 |
||
| 700 |
_aVegas Vélez, Manuel Ignacio _924053 |
||
| 942 |
_2ddc _cLIBROS |
||
| 945 | _apjha | ||